LIBRARY & INFORMATION CENTRE, KCAET, TAVANUR

ONLINE PUBLIC ACCESS CATALOGUE (OPAC)

Handbook on Irrigation And Driange | With Numerical Problems , Short and Long Questions & Field Experiments (Record no. 17431)

MARC details
000 -LEADER
fixed length control field 00454nam a22001457a 4500
003 - CONTROL NUMBER IDENTIFIER
control field OSt
008 - FIXED-LENGTH DATA ELEMENTS--GENERAL INFORMATION
fixed length control field 210915b ||||| |||| 00| 0 eng d
020 ## - INTERNATIONAL STANDARD BOOK NUMBER
ISBN 9789390175314
082 ## - DEWEY DECIMAL CLASSIFICATION NUMBER
Classification number 631.587
Item number PAN/HA
100 ## - MAIN ENTRY--AUTHOR NAME
Personal name Panigrahi,Balram
245 ## - TITLE STATEMENT
Title Handbook on Irrigation And Driange
Remainder of title With Numerical Problems , Short and Long Questions & Field Experiments
260 ## - PUBLICATION, DISTRIBUTION, ETC. (IMPRINT)
Place of publication New Delhi
Name of publisher New India Publishing Agency
Year of publication 2021
300 ## - PHYSICAL DESCRIPTION
Number of Pages 602 Pages
942 ## - ADDED ENTRY ELEMENTS (KOHA)
Koha item type Books
Holdings
Withdrawn status Lost status Damaged status Home library Current library Shelving location Date acquired Cost, normal purchase price Full call number Accession Number Koha item type
      KAUAET KAUAET NAHEP-CAAST Project 07/09/2021 695.00 631.587 PAN/HA 26032 Books
free website counter